1130 1606 1231 1129 1028 1700 1823 1828 1922 1148 1951 1204 1240 1112 1210 1370 1248 1585 1064 1666 1896 1462 1951 1097 1281 1583 1676 1115 1395 1165 1144 1946 1512 1873 1245 1670 1903 1860 1421 1725 1202 1934 1094 1796 1276 1095 1496 1815 1572 1585 1224 1959 1386 1981 1776 1509 1013 1856 1491 1598 1612 1189 1735 1116 1690 1124 1956 1041 1902 1149 1728 1655 1099 1850 1162 1358 1140 1883 1551 1181 1701 1155 1388 1999 1218 1968 1805 1687 1132 1495 1984 1069 1401 1999 1952 1193 1486 1308 1545 BCNSPRNW ULIB Ver.6.0+V

เปลี่ยนเป็นภาษาไทย

Change to English
 แสดงรายละเอียดบรรณานุกรม
  กลับหน้าหลัก

Brief Record : Get Marc (ISO 2709) : E-mail record : QR code < ปิดหน้าต่าง
LEADER : 00000nam 2200000uu 4500
001    13399122491
003     ULIB
008    980106s2530 th a m 000 0 tha d
099    ^aวพ.WK810^bว397ป
100 0  ^aวัฒนะ คล้ายดี
245 10 ^aประสิทธิผลของการจัดโปรแกรมสุขศึกษาโดยการสอนผู้ป่วยร่วมกับการใช้แรงสนับสนุนทางสังคมจากญาติผู้ป่วยในผู้ป่วยโรคเบาหวานโรงพยาบาลพยาบาลอินทร์บุรี จังหวัดสิงห์บุรี =^bThe effectiveness of health education program through patient with social support from relatives on diabetic patient''''''''s behavior at Inburi Hospital Singburi province /^cวัฒนะ คล้ายดี
246 31 ^aThe effectiveness of health education program through patient with social support from relatives on diabetic patient''''''''s behavior at Inburi Hospital Singburi province
260    ^a^c2530
300    ^a[16], 225 แผ่น :^bภาพประกอบ ;^c30 ซม.
500    ^aSend to Single Search
502    ^aวิทยานิพนธ์ (วท.ม. (สาธารณสุขศาสตร์))--มหาวิทยาลัยมหิดล, 2530
610 24 ^aมหาวิทยาลัยมหิดล^xวิทยานิพนธ์
610 24 ^aมหาวิทยาลัยมหิดล. ^bคณะสาธารณสุขศาสตร์^xวิทยานิพนธ์
650  4 ^aการสนับสนุนทางสังคม
650  4 ^aญาติพี่น้อง
650  4 ^aเบาหวาน
650  4 ^aผู้ป่วย, การศึกษา
650  4 ^aสุขศึกษา^xการศึกษาและการสอน
691    ^aวท.ม. (2530)
692    ^aสุขศึกษา (มหาวิทยาลัยมหิดล 2530)
710 2  ^aมหาวิทยาลัยมหิดล
710 2  ^aมหาวิทยาลัยมหิดล. ^bคณะสาธารณสุขศาสตร์
945    ^p0^l0^i016453
999    ^aกมลทิพย์ ธนสารสุธี
รายการนี้ยังไม่มีแท็ก
คุณยังไม่ได้ล็อกอิน คุณสามารถมีกิจกรรมร่วมกับเว็บไซต์ได้ แต่ต้องล็อกอินก่อน ::
  ล็อกอิน

รายการสื่อสารสนเทศ

ลำดับที่ ประเภท เลขเรียก/บาร์โค้ด สถานที่ สถานะ
1. วิทยานิพนธ์
วิทยานิพนธ์
วพ.WK810 ว397ป  
  Barcode: 016453
ห้องสมุดวิทยาเขตสวรรค์ประชารักษ์
► วิทยานิพนธ์
บนชั้น

รายการใกล้เคียง
    หัวเรื่อง [การสนับสนุนทางสังคม]
    หัวเรื่อง [เบาหวาน]

BibComment


ยังไม่เคยถูกคอมเมนท์

คอมเมนท์ทรัพยากรรายการนี้
  คอมเมนท์: ประสิทธิผลของการ..


 Copyright 2026. Bcnsprnw @Library